[Event "Titled Tuesday intern op 02nd Apr Early"]
[Site "Chess.com INT"]
[Date "2024.04.02"]
[Round "2"]
[White "Povshednyi, Ivan"]
[Black "Kadric, Denis"]
[Result "0-1"]
[WhiteElo "2249"]
[BlackElo "2558"]
[PlyCount "112"]
[EventDate "2024.04.02"]
[EventType "swiss (blitz)"]
[EventRounds "11"]
[EventCountry "USA"]
[SourceTitle "CB15_2024"]
[SourceDate "2024.04.10"]
[SourceVersion "1"]
[SourceVersionDate "2024.04.10"]
[SourceQuality "1"]

1. e4 d6 2. d4 Nf6 3. Bd3 e5 4. c3 Nc6 5. Ne2 g6 6. 0-0 Bg7 7. h3 0-0 8. Be3 d5 9. Nd2 Re8 10. Qc2 exd4 11. Nxd4 Ne5 12. Bg5 Nxd3 13. Qxd3 h6 14. Bxf6 Bxf6 15. Rfe1 c5 16. N4f3 Be6 17. exd5 Qxd5 18. Qxd5 Bxd5 19. a3 Rad8 20. Rxe8+ Rxe8 21. Re1 Rd8 22. Ne4 Be7 23. Ng3 Kf8 24. Rd1 Bxf3 25. Rxd8+ Bxd8 26. gxf3 c4 27. Kf1 Bg5 28. Ne2 Bd2 29. a4 Ke7 30. Nd4 Bc1 31. b3 cxb3 32. Nxb3 Bf4 33. Ke2 Kd6 34. Kd3 Be5 35. c4 f5 36. Na5 b6 37. Nb3 Kc6 38. c5 bxc5 39. Kc4 Bd6 40. Nc1 Be5 41. Nb3 Bd6 42. Nc1 Be7 43. Nb3 a6 44. Nc1 Kb6 45. Nb3 Bd6 46. Kd5 Bf8 47. Kc4 g5 48. Kd5 h5 49. a5+ Kc7 50. Nxc5 Bxc5 51. Kxc5 h4 52. Kd5 g4 53. fxg4 fxg4 54. Ke4 gxh3 55. Kf3 Kc6 56. Ke2 h2 0-1

[Event "Titled Tuesday intern op 05th Sep Early"]
[Site "Chess.com INT"]
[Date "2023.09.05"]
[Round "4"]
[White "Lagarde, Maxime"]
[Black "Povshednyi, Ivan"]
[Result "1-0"]
[WhiteElo "2607"]
[BlackElo "2230"]
[PlyCount "35"]
[EventDate "2023.09.05"]
[EventType "swiss (blitz)"]
[EventRounds "11"]
[EventCountry "USA"]
[SourceTitle "EXT 2024"]
[Source "ChessBase"]
[SourceDate "2023.10.10"]
[SourceVersion "1"]
[SourceVersionDate "2023.10.10"]
[SourceQuality "1"]

1. b3 d5 2. Bb2 c5 3. e3 Nf6 4. f4 a6 5. Nf3 Nc6 6. g3 g6 7. Bg2 Bg7 8. 0-0 0-0 9. Ne5 Qc7 10. Nxc6 bxc6 11. Be5 Qd8 12. c4 Bf5 13. Nc3 e6 14. d3 h5 15. h3 Qa5 16. e4 dxe4 17. dxe4 Rfd8 18. Qe1 1-0

[Event "Titled Tuesday intern op 05th Sep Early"]
[Site "Chess.com INT"]
[Date "2023.09.05"]
[Round "2"]
[White "Moroni, Luca Jr"]
[Black "Povshednyi, Ivan"]
[Result "1-0"]
[WhiteElo "2571"]
[BlackElo "2230"]
[PlyCount "37"]
[EventDate "2023.09.05"]
[EventType "swiss (blitz)"]
[EventRounds "11"]
[EventCountry "USA"]
[SourceTitle "EXT 2024"]
[Source "ChessBase"]
[SourceDate "2023.10.10"]
[SourceVersion "1"]
[SourceVersionDate "2023.10.10"]
[SourceQuality "1"]

1. d4 Nf6 2. Bf4 d5 3. e3 c5 4. dxc5 e6 5. b4 a5 6. c3 b6 7. Bxb8 Rxb8 8. Bb5+ Ke7 9. c6 Qd6 10. Qb3 Kd8 11. Nf3 axb4 12. 0-0 h6 13. cxb4 Qxb4 14. Ne5 Qe7 15. c7+ Kxc7 16. Rc1+ Kb7 17. Bc6+ Kc7 18. Bb5+ Kb7 19. Qa4 1-0

[Event "Titled Tuesday intern op 05th Sep Late"]
[Site "Chess.com INT"]
[Date "2023.09.05"]
[Round "4"]
[White "Povshednyi, Ivan"]
[Black "Pichot, Alan"]
[Result "0-1"]
[WhiteElo "2230"]
[BlackElo "2648"]
[PlyCount "144"]
[EventDate "2023.09.05"]
[EventType "swiss (blitz)"]
[EventRounds "11"]
[EventCountry "USA"]
[SourceTitle "EXT 2024"]
[Source "ChessBase"]
[SourceDate "2023.10.10"]
[SourceVersion "1"]
[SourceVersionDate "2023.10.10"]
[SourceQuality "1"]

1. d4 Nf6 2. c4 e6 3. Nc3 Bb4 4. e3 0-0 5. Bd2 Re8 6. a3 Bf8 7. Nf3 d5 8. cxd5 exd5 9. Bd3 Bg4 10. h3 Bh5 11. 0-0 c6 12. b4 Nbd7 13. Rb1 Ne4 14. Be2 Nxc3 15. Bxc3 Bd6 16. a4 Nf6 17. b5 Ne4 18. Be1 c5 19. dxc5 Bxc5 20. Nd4 Bxe2 21. Nxe2 Qd6 22. Nc3 Rad8 23. Nxe4 Rxe4 24. Bc3 b6 25. a5 h6 26. axb6 axb6 27. Qf3 Rc4 28. Rb3 Qg6 29. Be5 Qc2 30. Rbb1 Qe4 31. Qg3 Bf8 32. Bc7 Rd7 33. Bxb6 Rd6 34. Bd4 Rg6 35. Qh2 Bd6 36. Qh1 Bb8 37. b6 Rgc6 38. g3 Qe6 39. Qf3 Qxh3 40. Qxd5 Bxg3 41. Qg2 Qxg2+ 42. Kxg2 Bb8 43. Kf3 g5 44. Ke2 Kh7 45. Rh1 Kg6 46. Kd3 Rc2 47. f3 Ra2 48. Ra1 Rf2 49. Ra8 Rc8 50. b7 Rd8 51. Rb1 Rxf3 52. Rxb8 Rxb8 53. Be5 Rxb7 54. Rxb7 h5 55. Rb6+ f6 56. Ke4 g4 57. Bd4 h4 58. Rb1 h3 59. Rh1 f5+ 60. Kd3 Kh5 61. Ke2 Rg3 62. Be5 Rg2+ 63. Ke1 Kh4 64. Bf4 g3 65. Kf1 Kg4 66. Rg1 Rf2+ 67. Ke1 Rf3 68. Ke2 h2 69. Rh1 Rf2+ 70. Ke1 Rxf4 71. exf4 g2 72. Rxh2 g1Q+ 0-1

[Event "Titled Tuesday intern op 05th Sep Late"]
[Site "Chess.com INT"]
[Date "2023.09.05"]
[Round "3"]
[White "Sjugirov, Sanan"]
[Black "Povshednyi, Ivan"]
[Result "1-0"]
[WhiteElo "2705"]
[BlackElo "2230"]
[PlyCount "67"]
[EventDate "2023.09.05"]
[EventType "swiss (blitz)"]
[EventRounds "11"]
[EventCountry "USA"]
[SourceTitle "EXT 2024"]
[Source "ChessBase"]
[SourceDate "2023.10.10"]
[SourceVersion "1"]
[SourceVersionDate "2023.10.10"]
[SourceQuality "1"]

1. Nf3 d5 2. e3 Nf6 3. b3 c5 4. Bb2 e6 5. c4 Nc6 6. cxd5 exd5 7. Be2 Bd6 8. d4 cxd4 9. Nxd4 0-0 10. 0-0 a6 11. Nd2 Nxd4 12. Bxd4 Bf5 13. Nf3 Be4 14. Bb2 Qe7 15. Rc1 Rac8 16. Qd4 h6 17. h3 Rfd8 18. Rfd1 Bb8 19. Ne5 Rxc1 20. Rxc1 Qd6 21. Ng4 Ne8 22. Qe5 Qxe5 23. Nxe5 Nf6 24. Nf3 Ne8 25. Nd2 Bg6 26. Bf3 Ba7 27. b4 d4 28. e4 d3 29. e5 Bd4 30. Bxd4 Rxd4 31. Rc8 Kf8 32. Bxb7 Rxb4 33. Bc6 Bf5 34. Rxe8# 1-0

[Event "Titled Tuesday intern op 29th Aug Late"]
[Site "Chess.com INT"]
[Date "2023.08.29"]
[Round "4"]
[White "Kostiukov, Alexandr"]
[Black "Povshednyi, Ivan"]
[Result "1-0"]
[WhiteElo "2271"]
[BlackElo "2223"]
[PlyCount "119"]
[EventDate "2023.08.29"]
[EventType "swiss (blitz)"]
[EventRounds "11"]
[EventCountry "USA"]
[SourceTitle "EXT 2024"]
[Source "ChessBase"]
[SourceDate "2023.10.10"]
[SourceVersion "1"]
[SourceVersionDate "2023.10.10"]
[SourceQuality "1"]

1. g3 d5 2. Bg2 Nf6 3. d3 c5 4. e4 Nc6 5. exd5 Nxd5 6. Ne2 e5 7. Nbc3 Be6 8. 0-0 Be7 9. f4 exf4 10. Bxd5 Bxd5 11. Nxf4 Be6 12. Nxe6 fxe6 13. Be3 Nd4 14. Qg4 Bf6 15. Ne4 0-0 16. Nxf6+ Rxf6 17. Bg5 Rxf1+ 18. Rxf1 Qd5 19. Bf6 g6 20. c4 Qd7 21. Bxd4 cxd4 22. Rf6 Re8 23. h4 Kg7 24. Rf4 Rd8 25. h5 e5 26. Re4 Qxg4 27. Rxg4 Kf6 28. hxg6 hxg6 29. Re4 Kf5 30. Kg2 a6 31. Re2 b5 32. c5 b4 33. Kf3 Rc8 34. Rc2 e4+ 35. dxe4+ Ke5 36. c6 d3 37. Rd2 Rxc6 38. Rxd3 Rc2 39. Rd5+ Ke6 40. Ra5 Rxb2 41. Rxa6+ Ke5 42. Ra5+ Ke6 43. Kf4 Rf2+ 44. Kg5 Rg2 45. g4 Rg3 46. Rb5 Rg2 47. Rxb4 Ke5 48. a4 Kd6 49. a5 Ra2 50. Rb6+ Ke5 51. a6 Kxe4 52. Rxg6 Ra4 53. Kh6 Kf4 54. g5 Ra5 55. Rf6+ Ke5 56. Kg6 Ra1 57. Kf7 Rc1 58. Re6+ Kf5 59. g6 Rg1 60. g7 1-0

[Event "Titled Tuesday intern op 29th Aug Early"]
[Site "Chess.com INT"]
[Date "2023.08.29"]
[Round "4"]
[White "Livaic, Leon"]
[Black "Povshednyi, Ivan"]
[Result "1-0"]
[WhiteElo "2558"]
[BlackElo "2223"]
[PlyCount "45"]
[EventDate "2023.08.29"]
[EventType "swiss (blitz)"]
[EventRounds "11"]
[EventCountry "USA"]
[SourceTitle "EXT 2024"]
[Source "ChessBase"]
[SourceDate "2023.10.10"]
[SourceVersion "1"]
[SourceVersionDate "2023.10.10"]
[SourceQuality "1"]

1. e4 c5 2. Nf3 d6 3. d4 cxd4 4. Qxd4 Nc6 5. Bb5 Bd7 6. Bxc6 Bxc6 7. Nc3 e5 8. Qd3 h6 9. Nd2 Nf6 10. Nc4 Be7 11. Ne3 0-0 12. a4 Qa5 13. 0-0 Qa6 14. Nf5 Rfe8 15. Qg3 g6 16. Nxe7+ Rxe7 17. Qh4 Re6 18. Bxh6 Qc4 19. Rae1 d5 20. Bg5 Nxe4 21. Nxe4 dxe4 22. Re3 Kf8 23. Qh8# 1-0

[Event "Titled Tuesday intern op 29th Aug Early"]
[Site "Chess.com INT"]
[Date "2023.08.29"]
[Round "10"]
[White "Povshednyi, Ivan"]
[Black "Zhu, Jiner"]
[Result "0-1"]
[WhiteElo "2223"]
[BlackElo "2498"]
[PlyCount "94"]
[EventDate "2023.08.29"]
[EventType "swiss (blitz)"]
[EventRounds "11"]
[EventCountry "USA"]
[SourceTitle "EXT 2024"]
[Source "ChessBase"]
[SourceDate "2023.10.10"]
[SourceVersion "1"]
[SourceVersionDate "2023.10.10"]
[SourceQuality "1"]

1. d4 Nf6 2. c4 g6 3. Nc3 Bg7 4. Nf3 d6 5. Bg5 0-0 6. e3 Nbd7 7. Be2 b6 8. Qc2 Bb7 9. 0-0 h6 10. Bh4 Qe8 11. Rfd1 e5 12. dxe5 dxe5 13. Rac1 Qe6 14. b4 Rfe8 15. Nb5 Rec8 16. c5 Be4 17. Qb3 Bd5 18. Bc4 Bxc4 19. Qxc4 Qxc4 20. Rxc4 a6 21. Na3 b5 22. Rcc1 c6 23. Nc2 Nd5 24. a3 e4 25. Nfd4 Ne5 26. Nxc6 Nd3 27. N6d4 Nxc1 28. Rxc1 f5 29. Bg3 Nc3 30. Kf1 a5 31. Ne1 axb4 32. axb4 Na2 33. Rb1 Nc3 34. Rb3 Bxd4 35. exd4 Nd5 36. Be5 Ra2 37. h3 Kf7 38. Nc2 Rxc2 39. Ra3 Rc1+ 40. Ke2 Rc2+ 41. Kd1 Rxf2 42. Ra7+ Ke8 43. Rh7 e3 44. Rh8+ Kd7 45. Rh7+ Kc6 46. Ke1 Ra8 47. Rc7+ Nxc7 0-1

[Event "Speed Chess Q2 Sw"]
[Site "Chess.com INT"]
[Date "2023.08.23"]
[Round "1"]
[White "Povshednyi, Ivan"]
[Black "Rasulov, Vugar Ural Oglu"]
[Result "0-1"]
[WhiteElo "2223"]
[BlackElo "2549"]
[PlyCount "38"]
[EventDate "2023.08.23"]
[EventType "swiss (blitz)"]
[EventRounds "14"]
[EventCountry "USA"]
[SourceTitle "CBM 215 Extra"]
[Source "ChessBase"]
[SourceDate "2023.09.30"]
[SourceVersion "1"]
[SourceVersionDate "2023.09.30"]
[SourceQuality "1"]

1. d4 Nf6 2. c4 e6 3. Nc3 Bb4 4. e3 0-0 5. Nge2 Re8 6. a3 Bf8 7. e4 d5 8. e5 Nfd7 9. cxd5 exd5 10. f4 c5 11. Be3 Nc6 12. dxc5 Bxc5 13. Nd4 Ncxe5 14. Kf2 Nf6 15. fxe5 Ng4+ 16. Kf3 Nxe3 17. Kxe3 Rxe5+ 18. Kf2 Qh4+ 19. g3 Bxd4+ 0-1

[Event "Speed Chess Q2 Sw"]
[Site "Chess.com INT"]
[Date "2023.08.23"]
[Round "3"]
[White "Povshednyi, Ivan"]
[Black "Senft, Sean"]
[Result "1-0"]
[WhiteElo "2223"]
[BlackElo "2146"]
[PlyCount "57"]
[EventDate "2023.08.23"]
[EventType "swiss (blitz)"]
[EventRounds "14"]
[EventCountry "USA"]
[SourceTitle "CBM 215 Extra"]
[Source "ChessBase"]
[SourceDate "2023.09.30"]
[SourceVersion "1"]
[SourceVersionDate "2023.09.30"]
[SourceQuality "1"]

1. c4 c5 2. g3 g6 3. Bg2 Bg7 4. Nc3 Nc6 5. d3 d6 6. Qd2 e5 7. e3 Nge7 8. Nge2 0-0 9. 0-0 Be6 10. Nd5 Qd7 11. b3 Bh3 12. Nxe7+ Nxe7 13. Bb2 Bxg2 14. Kxg2 f5 15. f4 Rae8 16. d4 exd4 17. exd4 Nc6 18. d5 Bxb2 19. Qxb2 Nb8 20. Nc3 Qg7 21. Qd2 Nd7 22. Rae1 Nf6 23. Re6 Ne4 24. Nxe4 fxe4 25. Re1 g5 26. R1xe4 gxf4 27. Rxe8 f3+ 28. Kf2 Qh6 29. Qxh6 1-0